[Event "Lazy op 13th"]
[Site "Lazy"]
[Date "2017.06.28"]
[Round "4"]
[White "Pisarek, Elzbieta"]
[Black "Bucko, Wieslaw"]
[Result "1-0"]
[WhiteElo "1433"]
[BlackElo "1549"]
[PlyCount "109"]
[EventDate "2017.06.25"]
[EventType "swiss"]
[EventRounds "9"]
[EventCountry "POL"]
[SourceTitle "EXT 2018"]
[Source "ChessBase"]
[SourceDate "2017.10.13"]
[SourceVersion "1"]
[SourceVersionDate "2017.10.13"]
[SourceQuality "1"]

1. e4 c6 2. d4 d5 3. Nd2 dxe4 4. Nxe4 Bf5 5. Ng3 Bg6 6. h4 h6 7. Nf3 Nd7 8. h5 Bh7 9. Bd3 Bxd3 10. Qxd3 Ngf6 11. Bd2 e6 12. 0-0-0 b5 13. Kb1 a5 14. Ne4 Be7 15. Nxf6+ Nxf6 16. Ne5 Qd5 17. f3 Bb4 18. g4 Nd7 19. Nxd7 Qxd7 20. Rhe1 0-0 21. f4 c5 22. c3 c4 23. Qh3 Bd6 24. g5 f5 25. gxh6 gxh6 26. Qg3+ Qg7 27. Qxg7+ Kxg7 28. Rxe6 Rf6 29. Rg1+ Kf7 30. Rxf6+ Kxf6 31. Rg6+ Ke7 32. Rxh6 Rg8 33. Rh7+ Ke6 34. a3 Rg2 35. Be3 Re2 36. Rh6+ Ke7 37. Bc1 Rf2 38. Rh7+ Ke6 39. h6 Rh2 40. Rh8 Rh1 41. h7 Kf7 42. Rd8 Bf8 43. Rb8 b4 44. axb4 axb4 45. cxb4 Rxh7 46. Rb7+ Be7 47. d5 Rh6 48. Be3 Ke8 49. b5 Bd8 50. Bc5 Rh2 51. b6 Bf6 52. Ba3 Rd2 53. d6 Kd8 54. Rc7 Bxb2 55. b7 1-0

[Event "Lazy op 13th"]
[Site "Lazy"]
[Date "2017.06.26"]
[Round "2"]
[White "Wysocki, Mieczyslaw"]
[Black "Bucko, Wieslaw"]
[Result "1-0"]
[WhiteElo "1702"]
[BlackElo "1549"]
[PlyCount "113"]
[EventDate "2017.06.25"]
[EventType "swiss"]
[EventRounds "9"]
[EventCountry "POL"]
[SourceTitle "EXT 2018"]
[Source "ChessBase"]
[SourceDate "2017.10.13"]
[SourceVersion "1"]
[SourceVersionDate "2017.10.13"]
[SourceQuality "1"]

1. g3 d5 2. Bg2 e5 3. d3 Nf6 4. Nc3 Be7 5. e4 c6 6. Nge2 Bb4 7. 0-0 d4 8. Nb1 Bd6 9. Nd2 Nbd7 10. Nc4 Bc7 11. f4 c5 12. fxe5 Nxe5 13. Nxe5 Bxe5 14. Nf4 Bg4 15. Qe1 0-0 16. Nh3 h6 17. Bd2 b5 18. Kh1 Qd6 19. Ng1 Rad8 20. Nf3 Bxf3 21. Rxf3 Nh7 22. Bh3 Ng5 23. Bxg5 hxg5 24. Rf5 f6 25. Qe2 g6 26. Rf2 Kg7 27. Rg1 c4 28. Qg4 Rfe8 29. Rgf1 a5 30. b3 Qb4 31. Bg2 a4 32. Rb1 c3 33. Rff1 Qa3 34. bxa4 b4 35. Rb3 Qxa4 36. Rfb1 Bd6 37. a3 Rb8 38. axb4 Rxb4 39. Kg1 Rxb3 40. Rxb3 Qa1+ 41. Bf1 Re7 42. h4 Qe1 43. hxg5 f5 44. exf5 gxf5 45. Qxd4+ Be5 46. Qf2 Bxg3 47. Qxe1 Bxe1 48. Rb6 f4 49. Kg2 Ra7 50. d4 Re7 51. Kf3 Bd2 52. d5 Re3+ 53. Kg4 Rg3+ 54. Kf5 f3 55. Rb7+ Kf8 56. g6 Rg5+ 57. Kf6 1-0